Física 1 : la energía en los fenómenos físicos /

Guardado en:
Autor Principal: Rubinstein. Jorge A.
Otros Autores: Fumagalli, Laura, Tignanelli, Horacio
Formato: Libro
Publicado: Buenos Aires : Estrada, 1999
Series:Polimodal
Materias:
Etiquetas: Agregar Etiqueta
Sin Etiquetas, Sea el primero en etiquetar este registro!
LEADER 01240nam a22002295a 4500
001 CEM.cems016440
005 20121115091401.0
008 130507s1999##################000#0#####d
003 CEMS
020 |a 9500107570 
082 0 4 |a 530 
100 1 |a Rubinstein. Jorge A. 
245 1 0 |a Física 1 :  |b la energía en los fenómenos físicos /  |c Jorge A. Rubinstein, 
260 |a Buenos Aires :  |b Estrada,  |c 1999 
300 |a 335 p. 
490 0 |a Polimodal 
505 0 |a la energía, formas y propiedades -- La temperatura -- El calor -- Los cambios de estado -- La transmisión del calor -- La termodinámica -- La energía mecánica -- La caída de los cuerpos -- Principios clásicos de la mecánica -- La ley de la gravitación universal -- Las fuerzas y la energía -- La electricidad -- La energía eléctrica -- Los fenómenos magnéticos -- La ectrodinámica y el electromagnetismo -- La energía en los fenómenos ondulatorios -- Los fenómenos ondulatorios -- El sonido -- La luz -- La física como parte de la actividad humana -- La física como ciencia 
653 |a Física 
653 |a Física-polimodal 
700 1 |a Fumagalli, Laura 
700 1 |a Tignanelli, Horacio 
859 |a CEMS  |b BIB. CEMS - Agricultura  |h 530  |i R825  |p A0010.00  |t Ej.1  |v 1  |3 1